Forest / author: Cat Hickey.
Available copies
- 1 of 1 copy available at LARL/NWRL Consortium. (Show)
- 1 of 1 copy available at Northwest Regional Library.
Current holds
0 current holds with 1 total copy.
Show Only Available Copies
| Location | Call Number / Copy Notes | Barcode | Shelving Location | Status | Due Date |
|---|---|---|---|---|---|
| Warroad Public Library | j 577.3 HIC (Text) | 35500006443566 | Main | Available | - |
Record details
- ISBN: 9781465462329
- ISBN: 1465462325
- Physical Description: 64 pages : illustrations (chiefly color) : 25 cm.
- Edition: First American edition.
- Publisher: New York, NY : DK Publishing, 2017.
Content descriptions
| General Note: | Includes index. Includes fold-out page. |
| Formatted Contents Note: | What is a forest? -- Forest layers -- Forest floor ... Read More |
Search for related items by subject
| Subject: | Forest ecology > Juvenile literature. Forests and forestry > Juvenile literature. Forest animals > Juvenile literature. Forest plants > Juvenile literature. |
Search for related items by series
| LDR | 01774cam a22003977i 4500 | ||
|---|---|---|---|
| 001 | 361185 | ||
| 003 | LARL_NWRL_CONSORTIUM | ||
| 005 | 20210304161503.0 | ||
| 008 | 170713t20172017nyua j 001 0 eng d | ||
| 010 | . | ‡a2016498975 | |
| 020 | . | ‡a9781465462329 | |
| 020 | . | ‡a1465462325 | |
| 035 | . | ‡a(OCoLC)960494858 | |
| 040 | . | ‡aYDX ‡beng ‡erda ‡cYDX ‡dDLC ‡dBDX ‡dCLE ‡dOCLCF ‡dVP@ ‡dOCP ‡dOCLCO ‡dGZD | |
| 042 | . | ‡alccopycat | |
| 082 | 1 | 4. | ‡a577.3 H628 2017 |
| 092 | . | ‡a577.3 ‡bH628 | |
| 100 | 1 | . | ‡aHickey, Cat, ‡eauthor. |
| 245 | 1 | 0. | ‡aForest / ‡cauthor: Cat Hickey. |
| 250 | . | ‡aFirst American edition. | |
| 264 | 1. | ‡aNew York, NY : ‡bDK Publishing, ‡c2017. | |
| 300 | . | ‡a64 pages : ‡billustrations (chiefly color) : ‡c25 cm. | |
| 336 | . | ‡atext ‡btxt ‡2rdacontent | |
| 336 | . | ‡astill image ‡bsti ‡2rdacontent | |
| 337 | . | ‡aunmediated ‡bn ‡2rdamedia | |
| 338 | . | ‡avolume ‡bnc ‡2rdacarrier | |
| 490 | 0 | . | ‡aDK findout! |
| 500 | . | ‡aIncludes index. | |
| 500 | . | ‡aIncludes fold-out page. | |
| 505 | 0 | . | ‡aWhat is a forest? -- Forest layers -- Forest floor -- Living in the canopy -- Why are forests important? -- Forest communication -- Types of tree -- Mount Kinabalu -- Forest families -- Forest birds -- Forest homes -- Food chains -- Amazing forests -- Living together -- Can you see me? -- People in the forest -- Forest riches -- Forest seasons -- Insects -- Migration -- Sounds of the forest -- Walk through the forest -- Grand Teton National Park -- Forest fires -- Deforestation and conservation -- Meet the experts -- Forest facts and figures. |
| 650 | 0. | ‡aForest ecology ‡vJuvenile literature. ‡0(LARL_NWRL_CONSORTIUM)165116 | |
| 650 | 0. | ‡aForests and forestry ‡vJuvenile literature. ‡0(LARL_NWRL_CONSORTIUM)165138 | |
| 650 | 0. | ‡aForest animals ‡vJuvenile literature. ‡0(LARL_NWRL_CONSORTIUM)165137 | |
| 650 | 0. | ‡aForest plants ‡vJuvenile literature. ‡0(LARL_NWRL_CONSORTIUM)169492 | |
| 901 | . | ‡a361185 ‡b ‡c361185 ‡tbiblio | |

Add to basket
Permalink
Disable Highlighting